Statistics for Middle Eastern Geography By Letter - B

Click here to take the quiz!

General Stats

  • This quiz has been taken 401 times
    (49 since last reset)
  • The average score is 14 of 20

Answer Stats

ClueAnswer% Correct
Capital of LebanonBeirut
96%
City where Jesus was bornBethlehem
96%
World's tallest buildingBurj Khalifa
96%
City that was the center
of the Islamic Golden Age
Baghdad
94%
Kingdom in the Persian GulfBahrain
92%
Sea Turkey borders to its northBlack Sea
92%
Ancient capital near that cityBabylon
83%
Term for a Middle Eastern marketplaceBazaar
83%
Strait on which Istanbul sitsBosphorus
79%
Turkish city or a DC superheroBatman
73%
Ancient Greek name for IstanbulByzantium
71%
Sultan Ahmed Mosque's
more common name
{Blue} Mosque
67%
Most populous city in southern IraqBasra
63%
Nomadic Arab ethnic groupBedouin
60%
Universalist religion that was
founded by Bahá'u'lláh
{Bahá}'{í} Faith
54%
Ethnic area in southeastern Iran,
and parts of Pakistan and Afghanistan
{Baloch}istan
50%
Saddam's or Assad's political partyBa'ath
46%
Ottoman capital between 1335–1363Bursa
44%
Biggest city in the Negev DesertBeersheba
23%
Iran's largest and most important portBandar Abbas
10%

Score Distribution

Percentile by Number Answered

Percent of People with Each Score

Your Score History

You have not taken this quiz since the last reset